000 00457cam a2200145 4500500
005 20251228053844.0
041 _afre
042 _adc
100 1 0 _aCraveri, Benedetta
_eauthor
245 0 0 _aIn memoriam Enzo Bettiza (1927-2017)
260 _c2017.
500 _a77
786 0 _nCommentaire | uméro 160 | 4 | 2017-11-29 | p. 881-882 | 0180-8214
856 4 1 _uhttps://shs.cairn.info/revue-commentaire-2017-4-page-881?lang=fr&redirect-ssocas=7080
999 _c1585659
_d1585659